| 000 | 01131cam a22003854a 4500 | ||
|---|---|---|---|
| 001 | 16443560 | ||
| 005 | 20180110073706.0 | ||
| 007 | co |g||||||||| | ||
| 008 | 100901s2011 paua b 001 0 eng | ||
| 010 | _a 2010037617 | ||
| 016 | 7 |
_a101539391 _2DNLM |
|
| 020 | _a9780803623545 | ||
| 020 | _a0803623542 | ||
| 020 | _a9780803622647 (v. 1) | ||
| 020 | _a0803622643 (v. 1) | ||
| 020 | _a9780803622654 (v. 2) | ||
| 020 | _a0803622651 (v. 2) | ||
| 020 | _a9780803627093 | ||
| 020 | _a0803627092 | ||
| 035 | _a(OCoLC)ocn660509918 | ||
| 040 |
_aDNLM/DLC _cDLC _dYDX _dBTCTA _dNLM _dYDXCP _dXSQ _dBWX _dCDX _dOMM _dDLC |
||
| 041 | _aeng | ||
| 042 | _apcc | ||
| 060 | 0 | 0 | _a610.73 |
| 060 | 1 | 0 | _a610.73 |
| 080 | _a610.73 | ||
| 082 | 0 | 0 |
_a610.73 WIL _222 |
| 100 | 1 | _a1 | |
| 101 | _aINF | ||
| 245 | 1 | 0 |
_aFundamentals of nursing / _cJudith M. Wilkinson, Leslie S. Treas. |
| 504 | _aIncludes bibliographical references and index. | ||
| 906 |
_a7 _bcbc _corignew _d1 _eecip _f20 _gy-gencatlg |
||
| 942 |
_2ddc _cBK |
||
| 999 |
_c40001 _d40001 |
||